书目信息 |
| 题名: |
鸽病防治技术
|
|
| 作者: | 杨连楷 编著 | |
| 分册: | ||
| 出版信息: | 金盾出版社 1995.08 |
|
| 页数: | 167页 | |
| 开本: | 32开 | |
| 丛书名: | ||
| 单 册: | ||
| 中图分类: | S858.39 | |
| 科图分类: | ||
| 主题词: | 兽医学 | |
| 电子资源: | ||
| ISBN: | 978-7-5082-1923-3 | |
| 000 | 00531nam0 2200193 45 | |
| 001 | 0308271058 | |
| 005 | 20030827105634.5 | |
| 010 | @a978-7-5082-1923-3@dRMB5.00 | |
| 100 | @a20030827d1995 km y0chiy0120 ea | |
| 101 | @achi | |
| 105 | @a z 000yy | |
| 200 | 1 | @a鸽病防治技术@Age bing fang zhi ji shu@f杨连楷编著@Fyang lian kai bian zhu |
| 210 | @c金盾出版社@d1995.08 | |
| 215 | @a167页@c无图表@d32开 | |
| 606 | 0 | @a兽医学 |
| 690 | @aS858.39@v3 | |
| 701 | 0 | @a杨连楷@4编著 |
| 801 | @aCN@b@c20030827 | |
| 905 | @aBZT@dS858.39@e72 | |
| 鸽病防治技术/杨连楷编著.-金盾出版社,1995.08 |
| 167页:无图表;32开 |
| ISBN 978-7-5082-1923-3:RMB5.00 |
| ● |
| 相关链接 |
|
|
|
正题名:鸽病防治技术
索取号:S858.39/72
 
预约/预借
| 序号 | 登录号 | 条形码 | 馆藏地/架位号 | 状态 | 备注 |
| 1 | 101624 | 200328699 | 中心书库中库/ 中库031架A面1列1层48/ [索取号:S858.39/72] | 在馆 | |
| 2 | 101625 | 200328779 | 中心书库中库/ 中库031架A面5列2层106/ [索取号:S858.39/72] | 在馆 | |
| 3 | 101626 | 200328715 | 中心书库中库/ 中库031架A面5列2层107/ [索取号:S858.39/72] | 在馆 | |
| 4 | 101628 | 200328733 | 中心书库中库/ 中库031架A面5列2层105/ [索取号:S858.39/72] | 在馆 | |
| 5 | 101629 | 200328804 | 中心书库中库/ 中库031架A面5列2层109/ [索取号:S858.39/72] | 在馆 | |
| 6 | 101630 | 200006260 | 中心书库中库/ 中库031架A面5列2层108/ [索取号:S858.39/72] | 在馆 | |
| 7 | 101631 | 200006288 | 中心书库中库/ 中库031架A面5列2层104/ [索取号:S858.39/72] | 在馆 | |
| 8 | 101632 | 200328751 | 中心书库中库/ 中库031架A面5列2层103/ [索取号:S858.39/72] | 在馆 |